000 00828cab a2200265 4500
001 WB3422-22
008 090401t1998 xxu||||| |||| 00| 0 eng d
035 _a(Sirsi) u86751
041 _aeng
245 _aIncredible shrinking council
260 _c1998
350 _a0
490 _aIndependent
_v10 June 1998, 15(1)
520 _aExamines Surrey CC`s plans to become the first virtual local authority with `hot desking`, a telecentre, video conferencing, home working and an advanced call centre.
650 _aCALL CENTRES
650 _aHOT DESKING
650 _aMANAGEMENT-BUSINESS MANAGEMENT-INFORMATION MANAGEMENT
650 _aLOCAL AUTHORITIES
650 _aSURREY CC
650 _aTELEWORKING
650 _aVIDEO CONFERENCING
690 _aECONOMIC AND SOCIAL
942 _n0
948 _c10/06/1998
999 _c54634
_d54634